National Assembly Library of Thailand

การประยุกต์ใช้การตัดด้วยน้ำแรงดันสูงผสมผงตัดสำหรับตัดไม้ยางพาราผสมพลาสติก = (ระเบียนเลขที่ 107473)

รายละเอียดในรูปแบบ MARC
000 -LEADER
fixed length control field 01694nam a2200253 4500
003 - CONTROL NUMBER IDENTIFIER
control field NALT
005 - DATE AND TIME OF LATEST TRANSACTION
control field 20251114104815.0
008 - FIXED-LENGTH DATA ELEMENTS--GENERAL INFORMATION
fixed length control field 251111b th ||||| |||| 00| 0 tha d
040 ## - CATALOGING SOURCE
Original cataloging agency NALT
050 ## - LIBRARY OF CONGRESS CALL NUMBER
Classification number TS 183
Item number ล232ก 2567
100 0# - MAIN ENTRY--PERSONAL NAME
Personal name ลักษิกา ปิเตอร์.
9 (RLIN) 66968
245 10 - TITLE STATEMENT
Title การประยุกต์ใช้การตัดด้วยน้ำแรงดันสูงผสมผงตัดสำหรับตัดไม้ยางพาราผสมพลาสติก =
Remainder of title Application of abrasive waterjet cutting on rubberwood plastic composites /
Statement of responsibility, etc. ลักษิกา ปิเตอร์.
260 ## - PUBLICATION, DISTRIBUTION, ETC.
Place of publication, distribution, etc. สงขลา :
Name of publisher, distributor, etc. มหาวิทยาลัยสงขลานครินทร์,
Date of publication, distribution, etc. 2567.
300 ## - PHYSICAL DESCRIPTION
Extent 116 หน้า :
Other physical details ภาพประกอบ, ตาราง, แผนภูมิ ;
Dimensions 30 ซม.
505 2# - FORMATTED CONTENTS NOTE
Formatted contents note บทที่ 1 บทนำ --<br/>บทที่ 2 เอกสารและงานวิจัยที่เกี่ยวข้อง --<br/>บทที่ 3 วิธีดำเนินการวิจัย --<br/>บทที่ 4 ผลการวิจัย --<br/>บทที่ 5 สรุปผลการวิจัยและข้อเสนอแนะ.
650 #4 - SUBJECT ADDED ENTRY--TOPICAL TERM
Topical term or geographic name entry element การตัดด้วยน้ำแรงดันสูง
9 (RLIN) 67022
650 #4 - SUBJECT ADDED ENTRY--TOPICAL TERM
Topical term or geographic name entry element การตัดวัสดุ
9 (RLIN) 67024
650 #4 - SUBJECT ADDED ENTRY--TOPICAL TERM
Topical term or geographic name entry element วิศวกรรมการผลิต
9 (RLIN) 67025
942 ## - ADDED ENTRY ELEMENTS (KOHA)
Source of classification or shelving scheme Library of Congress Classification
Koha item type Research/Thesis
996 ## - STAFF PROCESSING RECORDS (NALT)
Staff name jidapa.t
Staff type ACQSTF
Acquisition or Cataloging date 2025-11-11
996 ## - STAFF PROCESSING RECORDS (NALT)
Staff name varee.k
Staff type LIBSTF
Acquisition or Cataloging date 2025-11-12
996 ## - STAFF PROCESSING RECORDS (NALT)
Staff name jamriang.p
Staff type CATSTF
Acquisition or Cataloging date 2025-11-14
998 ## - STAFF NAME (NALT)
-- 1020
-- นางจำเรียง ระวังสำโรง
รายการที่มีในห้องสมุด
Withdrawn status Lost status Source of classification or shelving scheme Damaged status Not for loan Collection code Home library Current library Shelving location Date acquired Total Checkouts Full call number Barcode Date last seen Price effective from Koha item type
    Library of Congress Classification     Research & Theses collection National Assembly Library of Thailand National Assembly Library of Thailand Research & Theses shelves 11/11/2025   ว TS 183 ล232ก 2567 3961215794 11/11/2025 11/11/2025 Research/Thesis
หอสมุดรัฐสภา
สำนักงานเลขาธิการสภาผู้แทนราษฎร เลขที่ 1111 ถนนสามเสน แขวงถนนนครไชยศรี เขตดุสิต กรุงเทพฯ 10300
The Secretariat of the House of Representatives 1111 Samsen Road, Thanon Nakhon Chai Si, Dusit, Bangkok 10300, THAILAND
โทรศัพท์: +66(0) 2242 5900 ต่อ 5714-5 โทรสาร: +66(0) 2242 5990 อีเมล: [email protected]